Responses for show #7509 - Thursday, April 13, 2017

Contestants

Deborah Beams, a certified public accountant from Dallas, Texas

Lee Barrow, a history and economics teacher from Denver, Colorado

Jane Joseph, a bond analyst from Wilmington, Delaware (whose 1-day cash winnings total $17,402)

Jeopardy! Round responses

LITERARY QUOTES
THE BODY
CATCH THE QUECHUA WORD
MOVIE ADJECTIVES
SAY IT WITH CHOCOLATE
"B" MY LOVE
    $200 1
a mockingbird

Deborah
    $200 21
adrenaline

Deborah
    $200 7
Inca

Deborah
    $200 6
Magnificent

Lee
    $200 16
the Spaniards

Jane
    $200 26
(Deborah: Oh. What is Epsom salts?)

bubble bath

JaneDeborah
    $400 2
(Lee: What are times?)

possible worlds

JaneLee
    $400 22
your fingers

Lee
    $400 8
puma

Lee
    $400 10
Talented

Lee
    $400 17
Ding Dongs

Deborah
    $400 27
Bella

Jane
    $600 3
the Little Mermaid

Deborah
    $600 23
atrium

Deborah
    $600 9
quinine

Deborah
    $600 13
Nutty

Deborah
    $600 18
Charlie and the Chocolate Factory

Jane
    $600 28
(Lee: What is the Boxer?)

the Boxster

Lee
Triple Stumper
    $800 4
The Pit and the Pendulum

Triple Stumper
    $800 24
the diaphragm

Jane
    $800 11
jerky

Lee
    $800 14
Eternal Sunshine of the Spotless Mind

Deborah
    $1,500 19
(Jane: What is cacao?)

mocha

Jane
    $800 29
[The end-of-round signal sounds.]

Belize

Lee
    $1000 5
(Jane: What are walls?)
(Alex: Be more specific.)
(Jane: What are [*]?)

stone walls

Jane
    $1000 25
(Alex: With less than a minute to deal with one category.)

adenoids

Deborah
    $1000 12
lagniappe

Jane
    $1000 15
The Lost Weekend

Jane
    $1000 20
Ghirardelli

Lee

Scores at the first commercial break (after clue 15):

Jane Lee Deborah
$3,400 $1,400 $3,000

Scores at the end of the Jeopardy! Round:

Jane Lee Deborah
$4,100 $3,000 $5,000

Double Jeopardy! Round responses

THE LONG ARM OF THE LAW
GEOGRAPHY
ANCIENT HISTORY
RHYMES WITH NADA
HER TOP 40 BAND
NOTABLES & THE CHINESE ZODIAC PLACEMAT
    $400 21
facial recognition

Deborah
    $400 5
Copenhagen

Jane
    $400 6
Sicily

Lee
    $400 11
Prada

Deborah
    $400 16
the tiger

Lee
    $800 22
(Lee: What is Pizza Hut?)

Domino's

JaneLee
    $800 4
New Delhi

Lee
    $800 7
(Deborah: What is a treaty?)
(Alex: Be more specific.)
(Deborah: [*]?)

a peace treaty

Deborah
    $800 12
piƱa colada

Lee
    $800 17
1787

Lee
    $1200 23
America's Most Wanted

Deborah
    $1200 1
Bolivia

Deborah
    $1200 8
(Deborah: What is Alexandria?)

Carthage

LeeDeborah
    $1200 13
ramada

Lee
    $1200 27
(Lee: What are the Black Eyed Peas?)

the Pussycat Dolls

Lee
Triple Stumper
    $1200 18
(Deborah: What is a horse?)

a rabbit

Deborah
Triple Stumper
    $5,000 24
(Alex: [Before Deborah wagers] Now Jane has a fairly sizable lead, and we have less than a minute to go.)

Interpol

Deborah
    $1600 2
Cape Ann

Jane
    $1600 9
the Maya

Jane
    $1600 14
the Autostrada

Jane
    $1600 26
Paramore

Triple Stumper
    $1600 19
Charles Schulz

Deborah
    $2000 25
extradition

Lee
    $1,500 3
the Tigris and the Euphrates

Jane
    $2000 10
the Peloponnesian League

Jane
    $2000 15
Masada

Jane
    $2000 28
(Jane: Who are The Vandellas?)
...
[The end-of-round signal sounds.]

The Motels

Jane
Triple Stumper
    $2000 20
Charles Goodyear

Triple Stumper

Scores at the end of the Double Jeopardy! Round:

Jane Lee Deborah
$13,600 $8,600 $13,200

[wagering suggestions for these scores]

Final Jeopardy! Round responses

INTERNATIONAL SYMBOLS
LeeWhat is the red cross
$5,000
DeborahWhat is Red Cross?
$8,800
JaneWhat is the olive branch ad dove?
$5,000
the Red Cross

Final scores:

Jane Lee Deborah
$8,600 $13,600 $22,000
3rd place: $1,000 2nd place: $2,000 New champion: $22,000

Game dynamics:

Coryat scores:

Jane Lee Deborah
$15,600 $8,600 $9,800
17 R
(including 1 DD),
2 W
(including 1 DD)
15 R,
4 W
17 R
(including 1 DD),
3 W

Combined Coryat: $34,000

The J! Archive is created by fans, for fans. The Jeopardy! game show and all elements thereof, including but not limited to copyright and trademark thereto, are the property of Jeopardy Productions, Inc. and are protected under law. This website is not affiliated with, sponsored by, or operated by Jeopardy Productions, Inc. Join the discussion at JBoard.tv.